UBT Library

UK & EC competition documents / (Record no. 291)

000 -LEADER
fixed length control field 00590nam a22002057a 4500
008 - FIXED-LENGTH DATA ELEMENTS--GENERAL INFORMATION
fixed length control field 131112b xxu||||| |||| 00| 0 eng d
020 ## - INTERNATIONAL STANDARD BOOK NUMBER
International Standard Book Number 0799255393
041 0# - LANGUAGE CODE
Language code of text/sound track or separate title eng
080 ## - UNIVERSAL DECIMAL CLASSIFICATION NUMBER
Universal Decimal Classification number 347
Common auxiliary subdivision (094.9)
245 ## - TITLE STATEMENT
Title UK & EC competition documents /
Statement of responsibility, etc edt. Kristy Middleton
250 ## -
-- 2nd edition
260 ## -
-- New York :
-- Oxford university press ;
-- 2002.
300 ## -
-- 646 f. :
-- 22 cm.
500 ## -
-- Editor's preface : f. [VII]
505 ## -
-- Includes index
650 ## -
-- Konkurrenca
650 ## -
-- Marrëdhënet ekonomike ndërkombëtare
700 1# -
-- Middleton, Kristy
942 ## - ADDED ENTRY ELEMENTS (KOHA)
Source of classification or shelving scheme
Item type Books
Holdings
Withdrawn status Lost status Source of classification or shelving scheme Damaged status Not for loan Collection code Permanent location Current location Shelving location Date acquired Total Checkouts Full call number Barcode Date last seen Price effective from Koha item type
          Koleksioni i përgjithshem UBT - Prishtine UBT - Prishtine Koleksioni i përgjithshem 11/12/2013   347 (094.4) COM 001-000360 11/12/2013 11/12/2013 Books
          Koleksioni i përgjithshem UBT - Prishtine UBT - Prishtine Koleksioni i përgjithshem 11/12/2013   347(094.9) COM 001-000361 11/12/2013 11/12/2013 Books
UBT Library © 2015-2024. All rights reserved University Education for Business and Technology